<?xml version="1.0" encoding="UTF-8"?>
<record
    xmlns:xsi="http://www.w3.org/2001/XMLSchema-instance"
    xsi:schemaLocation="http://www.loc.gov/MARC21/slim http://www.loc.gov/standards/marcxml/schema/MARC21slim.xsd"
    xmlns="http://www.loc.gov/MARC21/slim">

  <leader>02725nam a2200325 a 4500</leader>
  <controlfield tag="001"> </controlfield>
  <controlfield tag="003">DO-SdBNP</controlfield>
  <controlfield tag="005">20220930084823.0</controlfield>
  <controlfield tag="008">090827s2005    dr  001 0 spa d</controlfield>
  <datafield tag="020" ind1=" " ind2=" ">
    <subfield code="a">9993423920</subfield>
  </datafield>
  <datafield tag="040" ind1=" " ind2=" ">
    <subfield code="a">DO-SdBNP</subfield>
    <subfield code="b">spa</subfield>
    <subfield code="c">BPMSU </subfield>
  </datafield>
  <datafield tag="041" ind1="1" ind2="7">
    <subfield code="a">spa</subfield>
    <subfield code="h">eng</subfield>
  </datafield>
  <datafield tag="082" ind1=" " ind2="4">
    <subfield code="a">370.98</subfield>
    <subfield code="b">V162e 2005</subfield>
    <subfield code="2">22</subfield>
  </datafield>
  <datafield tag="100" ind1="1" ind2=" ">
    <subfield code="a">Valera Acosta, Cheila</subfield>
  </datafield>
  <datafield tag="245" ind1="1" ind2="0">
    <subfield code="a">Estudio para la ciudadan&#xED;a en el Caribe :</subfield>
    <subfield code="b"> estudio sobre pol&#xED;tica curricular y de formaci&#xF3;n docente en Cuba, Hait&#xED; y Rep&#xFA;blica Dominicana = Education for citizenship in The Caribbean : a study on curricular policy and teacher training in Cuba, Haiti and Dominican Republic / </subfield>
    <subfield code="c"> Cheila Valera Acosta</subfield>
    <subfield code="6"> </subfield>
  </datafield>
  <datafield tag="246" ind1="1" ind2="3">
    <subfield code="a">Education for citizenship in The Caribbean : a study on curricular policy and teacher training in Cuba, Haiti and Dominican Republic </subfield>
  </datafield>
  <datafield tag="246" ind1="1" ind2="3">
    <subfield code="a">Estudio para la ciudadan&#xED;a en el Caribe</subfield>
  </datafield>
  <datafield tag="260" ind1=" " ind2=" ">
    <subfield code="a">Santo Domingo :</subfield>
    <subfield code="b">Oficina Internacional de Educaci&#xF3;n,  </subfield>
    <subfield code="c">2005.</subfield>
  </datafield>
  <datafield tag="300" ind1=" " ind2=" ">
    <subfield code="a">85, 77 p. ;</subfield>
    <subfield code="c">23 cm.</subfield>
  </datafield>
  <datafield tag="505" ind1="0" ind2=" ">
    <subfield code="a">Presentaci&#xF3;n 7 -- Resumen ejecutivo 9 -- ASPECTOS METODOLOGICOS 13 -- CONTEXTO Y REVISION DE LA LITERATURA 15 -- Contexto 15 -- Revisi&#xF3;n de la literatura 19 -- Breve descripci&#xF3;n de los sistemas educativos 24 -- DESCRIPCION DE LAS POLITICAS EDUCATIVAS RELACIONADAS CON LA EDUCACION PARA LA CIUDADANIA 29 -- Bases legales 29 -- Pol&#xED;ticas curriculares 30 -- Pol&#xED;ticas curriculares en Cuba 30 -- Pol&#xED;ticas curriculares en Hait&#xED; 36 -- Pol&#xED;ticas curriculares en la Rep&#xFA;blica Dominicana 46 -- Formaci&#xF3;n docente relacionada con la educaci&#xF3;n para la ciudadan&#xED;a 51 -- Formaci&#xF3;n docente en Cuba 51 -- Formaci&#xF3;n docente en Hait&#xED; 52 -- Formaci&#xF3;n docente en la Rep&#xFA;blica Dominicana 55 -- MEDIDAS GUBERNAMENTALES PARA APOYAR LAS POLITICAS 59 -- Disposiciones del gobierno de Cuba 59 -- Disposiciones del gobierno de Hait&#xED; 60 -- Disposiciones del gobierno de Rep&#xFA;blica Dominicana 62 -- VISION DE LOS ACTORES INVOLUCRADOS 69 -- CONCLUSIONES Y RECOMENDACIONES 77 -- Conclusiones 77 -- Recomendaciones para mejorar la formaci&#xF3;n docente en lo relacionado con la educaci&#xF3;n para la ciudadan&#xED;a 78 -- BIBLIOGRAFIA 83 -- Bibliograf&#xED;a de Cuba 83 -- Bibliograf&#xED;a de Hait&#xED; 84 -- Bibliograf&#xED;a de la Rep&#xFA;blica Dominicana 85</subfield>
  </datafield>
  <datafield tag="563" ind1=" " ind2=" ">
    <subfield code="a">Dos obras encuadernadas juntas con paginaci&#xF3;n continua</subfield>
  </datafield>
  <datafield tag="590" ind1=" " ind2=" ">
    <subfield code="6">Inventariado, 2022/VM</subfield>
  </datafield>
  <datafield tag="650" ind1=" " ind2="4">
    <subfield code="a">Educaci&#xF3;n</subfield>
    <subfield code="z">Caribe (Regi&#xF3;n)</subfield>
  </datafield>
  <datafield tag="650" ind1=" " ind2="4">
    <subfield code="a">Pol&#xED;tica educativa</subfield>
    <subfield code="z">Caribe (Regi&#xF3;n, Rep&#xFA;blica Dominicana)</subfield>
  </datafield>
  <datafield tag="650" ind1=" " ind2="4">
    <subfield code="a">Educaci&#xF3;n</subfield>
    <subfield code="x">Aspectos demogr&#xE1;ficos</subfield>
    <subfield code="z">Caribe (Regi&#xF3;n, Rep&#xFA;blica Dominicana) </subfield>
  </datafield>
  <datafield tag="651" ind1=" " ind2="4">
    <subfield code="a">Caribe (Regi&#xF3;n)</subfield>
    <subfield code="x">Condiciones sociales </subfield>
  </datafield>
  <datafield tag="710" ind1="2" ind2=" ">
    <subfield code="a">Falcutad Latinoamericana de Ciencias Sociales (Flasco)</subfield>
  </datafield>
  <datafield tag="910" ind1=" " ind2=" ">
    <subfield code="a">VMateo V. /Validado </subfield>
  </datafield>
  <datafield tag="942" ind1=" " ind2=" ">
    <subfield code="2">ddc</subfield>
    <subfield code="c">BK</subfield>
  </datafield>
  <datafield tag="952" ind1=" " ind2=" ">
    <subfield code="0">0</subfield>
    <subfield code="1">0</subfield>
    <subfield code="2">ddc</subfield>
    <subfield code="4">0</subfield>
    <subfield code="7">0</subfield>
    <subfield code="8">CD</subfield>
    <subfield code="a">BPMET</subfield>
    <subfield code="b">BPMET</subfield>
    <subfield code="d">2022-09-30</subfield>
    <subfield code="e">FLASCSO</subfield>
    <subfield code="o">BPMSU CD 370.98 V162e 2005</subfield>
    <subfield code="p">BPMSU22090047</subfield>
    <subfield code="r">2022-09-30</subfield>
    <subfield code="w">2022-09-30</subfield>
    <subfield code="y">BK</subfield>
  </datafield>
  <datafield tag="952" ind1=" " ind2=" ">
    <subfield code="0">0</subfield>
    <subfield code="1">0</subfield>
    <subfield code="2">ddc</subfield>
    <subfield code="4">0</subfield>
    <subfield code="7">0</subfield>
    <subfield code="8">CD</subfield>
    <subfield code="a">BPMET</subfield>
    <subfield code="b">BPMET</subfield>
    <subfield code="d">2022-09-30</subfield>
    <subfield code="e">FLASCSO</subfield>
    <subfield code="o">BPMSU CD 370.98 V162e 2005</subfield>
    <subfield code="p">BPMSU22090048</subfield>
    <subfield code="r">2022-09-30</subfield>
    <subfield code="t">e.2</subfield>
    <subfield code="w">2022-09-30</subfield>
    <subfield code="y">BK</subfield>
  </datafield>
  <datafield tag="952" ind1=" " ind2=" ">
    <subfield code="0">0</subfield>
    <subfield code="1">0</subfield>
    <subfield code="2">ddc</subfield>
    <subfield code="4">0</subfield>
    <subfield code="7">0</subfield>
    <subfield code="8">CD</subfield>
    <subfield code="a">BPMET</subfield>
    <subfield code="b">BPMET</subfield>
    <subfield code="d">2022-09-30</subfield>
    <subfield code="e">FLASCSO</subfield>
    <subfield code="l">0</subfield>
    <subfield code="o">BPMSU CD 370.98 V162e 2005</subfield>
    <subfield code="p">BPMSU22090049</subfield>
    <subfield code="r">2022-09-30</subfield>
    <subfield code="t">e.3</subfield>
    <subfield code="w">2022-09-30</subfield>
    <subfield code="y">BK</subfield>
  </datafield>
  <datafield tag="999" ind1=" " ind2=" ">
    <subfield code="c">14285</subfield>
    <subfield code="d">14285</subfield>
  </datafield>
</record>
